| 000 | 00488nam a2200205Ia 4500 | ||
|---|---|---|---|
| 003 | OSt | ||
| 005 | 20220608141318.0 | ||
| 008 | 210210b1987 xxu||||| |||| 00| 0 eng d | ||
| 040 | _cAL | ||
| 041 | _aeng | ||
| 082 | _a657.42 BHAC | ||
| 100 |
_aBHAR (B K). _941109 |
||
| 245 | _aCost accounting methods and problems | ||
| 250 | _a7 | ||
| 260 |
_aCalcutta _bAcademic publishers _c1987 |
||
| 300 | _axv,30.12 | ||
| 690 |
_aCost Accounting _941110 |
||
| 906 | _a039804 | ||
| 942 |
_2ddc _cBK |
||
| 999 |
_c90062 _d90062 |
||